000
00219nam a22000857a 4500
008
161125b xxu||||| |||| 00| 0 eng d
100
_9
1429
_a
Carey.P.etal.
245
_a
Activities for any Literature
260
_a
USA
_b
TCR
_c
2003
999
_c
4150
_d
4150